01773nam a22002057a 4500952010200000999001900102008004100121020001800162050002100180100003500201245016100236260013700397300001800534490001800552505087600570519004301446650002601489700004001515942001201555 00102lcc4070a08b08d2019-02-26l0oJC571 R579 2012p08 006881r2019-04-10t1w2019-04-10yLB c104052d104052190410s2012 mx ||||| |||| 00| 0 spa d a978607401661104aJC571bR579 2012 0aRincon Covelli, Tatianaeautor13aLa justicia y las atrocidades del pasadob: teoría y análisis de la justicia transicionalc/ Tatiana Rincón Covelli; coord. Jesús Rodríguez Zepeda aMéxicob: Universidad Autónoma Metropolitana, Unidad Iztapalapa; División de Ciencias Sociales y Humanidades; Porrúac, 2012 a427 páginas a( El Derecho) aEstudio introductorio La justicia transicional: una concepción de la justicia que se hace cargo de atrocidades del pasado En torno a la idea de responsabilidad política Reflexiones sobre el legado de Nuremberg en contextos de victimización horizontal Justicia y paz: los problemas de la justicia transicional en un contexto de guerra Un análisis de las propuestas de paz en el gobierno de Álvaro Uribe Vélez y su impacto en las instituciones y cultura democráticas en Colombia Instituciones de justicia en transición: las reformas al ministerio público en perspectiva comparada Verdad, memoria y democracia en sociedades en transición Agencia, inclusión y el deber de recordar Justicia transicional y democracia Algunas reflexiones acerca del desarrollo de la justicia transicional: esbozo de una teoría normativa de la justicia transicional  aMaterial Complementario /d(08 006881) 0aJUSTICIA TRANSICIONAL aRodríguez Zepeda, Jesúsecoord. cLB2lcc